000 00662nam a2200205 a 4500
005 20140412111239.0
008 001118s19uu xx 00 eng d
020 _a0-394-82997-2
050 _aTR(PS E
_bHe34 1974
100 _aBerenstain, Stanley
245 _aHe bear, she bear /
_cby Stan and Jan Berenstain.
260 _aNew York :
_bBeginner Books,
_c1974.
300 _a1 v. (unp.)
440 _aA Brigt and earky book, 20
520 _aTwo little bears, a brother and a sister, speculate on all things they could grow up to be.
650 _aBears -- Stories
650 _aOccupations -- Fiction
650 _aStories in Rhyme
999 _c102631
_d102631